Compendio de Anatomía Topográfica con Aplicaciones Medicoquirúrgicas / (Registro nro. 623)

Detalles MARC
000 -LEADER
fixed length control field 01204 am a2200289 a 4500
005 - FECHA ULTIMA MODIFICACION
control field 20240701105755.0
008 - CAMPO DE CONTROL (LIBRO)
fixed length control field 100510s1981||||sp a f |||| 001 0 spa d
020 ## - INTERNATIONAL STANDARD BOOK NUMBER
ISBN 8434511436
041 ## - CODIGO DE IDIOMA
Código de idioma del texto/pista de sonido o título separado spa
092 ## - SIGNATURA TOPOGRAFICA DEWEY LOCAL
número de clasificación 611.9
libristica 82
sección TES
100 1# - ENTRADA PRINCIPAL--NOMBRE PERSONAL
Nombre personal Testut, L.
9 (RLIN) 145
245 ## - TITULO PROPIAMENTE DICHO
Título Compendio de Anatomía Topográfica con Aplicaciones Medicoquirúrgicas /
Mención de responsabilidad y remanente de la transcripción de la portada L. Testut
250 ## - MENCION DE EDICION
Mención de edición 11a ed. reimp. revisada y aumentada.
Mención de responsabilidad relacionada con la ed. Edición revisada y aumentada por R. Bernard
260 ## - PIE DE IMPRENTA
Lugar de publicación, distribución, etc Barcelona:
Nombre de la editorial, distribuidor, etc Salvat;
Fecha de publicación 1981.
300 ## - DESCRIPCION FISICA
Extension 766 p.
500 ## - NOTA GENERAL
Nota general Testut, L. y Jacob, O. (1981). Compendio de anatomía topográfica con aplicaciones medicoquirúrgicas. (11a.ed.). Barcelona : Salvat.
653 ## - TÉRMINO INDIZADO - PALABRAS CLAVES
Palabra clave Cabeza: cráneo; cara y aparato de los sentidos
653 ## - TÉRMINO INDIZADO - PALABRAS CLAVES
Palabra clave Raquis
653 ## - TÉRMINO INDIZADO - PALABRAS CLAVES
Palabra clave Cuello
653 ## - TÉRMINO INDIZADO - PALABRAS CLAVES
Palabra clave Tórax: paredes torácicas y cavidad torácica y su contenido
653 ## - TÉRMINO INDIZADO - PALABRAS CLAVES
Palabra clave Abdómen: paredes abdominales; cavidad abdominal y su contendio, y órganos retroperitoneales
653 ## - TÉRMINO INDIZADO - PALABRAS CLAVES
Palabra clave Pelvis: paredes pélvicas; cavidad pélvica y su contenido, y perineo y sus dependencias
653 ## - TÉRMINO INDIZADO - PALABRAS CLAVES
Palabra clave Miembros: miembro superior y miembro inferior
700 1# - ENTRADAS SECUNDARIAS - NOMBRE PERSONAL
Nombre personal Jacob, O
9 (RLIN) 1334
930 ## - NUMERO DE INVENTARIO
Número de inventario 856
942 ## - ADDED ENTRY ELEMENTS (KOHA)
Source of classification or shelving scheme Dewey Decimal Classification
Item type Libros
Existencias
Estado de retiro Existencia Fuente de clasificación Estado general No para prestamo Colección Ubicación permanente ubicación actual Sala de ubicación Fecha de adquisición Total Checkouts Número de clasificación Código de barras Date last seen Date last borrowed Número de ejemplar Price effective from Koha tipo de elemento (item) Public note Fuente de adquisición Coded location qualifier
    Dewey Decimal Classification     Reference Biblioteca Medicina Biblioteca Medicina Referencia 13/05/2011 7 611.9 82 TES 856 06/11/2014 30/04/2014 ej.1 01/09/2011 Reference LIBRO DE CONSULTA    
    Dewey Decimal Classification       Biblioteca Medicina Biblioteca Medicina   29/11/2019   611.9 82 TES 4599 29/11/2019   Ej. 2 29/11/2019 Libros Hemeroteca 2022. Donación Hadad, Analia. Noviembre 2019 Donación Hadad, Analia. Noviembre 2019  

UNIVERSIDAD NACIONAL DEL COMAHUE
Biblioteca de la Facultad de Ciencias Médicas
Sede Toschi: Los Arrayanes y Av. Toschi, Cipolletti  - Rio Negro
Sede Los Tordos:  Yrigoyen al 2211, Cipolletti - Rio Negro 

Teléfono: 0299 - 4774707 int 25
Contacto: biblioteca@facimed.uncoma.edu.ar
© 2011 - 2026